<?xml version="1.0" encoding="UTF-8"?>
<collection xmlns="http://www.loc.gov/MARC21/slim">
 <record>
  <leader>02945nam a22004457a 4500</leader>
  <controlfield tag="001">32887</controlfield>
  <controlfield tag="003">BD-DhAAL</controlfield>
  <controlfield tag="005">20241031122354.0</controlfield>
  <controlfield tag="008">180401r20122006bg a|||| b||| 001 0 ben d</controlfield>
  <datafield tag="020" ind1=" " ind2=" ">
   <subfield code="a">9840750100</subfield>
  </datafield>
  <datafield tag="020" ind1=" " ind2=" ">
   <subfield code="a">9840758926</subfield>
  </datafield>
  <datafield tag="040" ind1=" " ind2=" ">
   <subfield code="a">BD-DhAAL</subfield>
   <subfield code="c">BD-DhAAL</subfield>
  </datafield>
  <datafield tag="041" ind1=" " ind2=" ">
   <subfield code="a">ben</subfield>
  </datafield>
  <datafield tag="082" ind1=" " ind2=" ">
   <subfield code="2">22</subfield>
   <subfield code="a">891.44</subfield>
  </datafield>
  <datafield tag="100" ind1=" " ind2=" ">
   <subfield code="a">নজরুল ইসলাম,</subfield>
   <subfield code="c">কাজী,</subfield>
   <subfield code="d">১৮৯৯-১৯৭৬.</subfield>
   <subfield code="9">53229</subfield>
  </datafield>
  <datafield tag="245" ind1=" " ind2=" ">
   <subfield code="a">নজরুল-রচনাবলী :</subfield>
   <subfield code="b">জন্মশতবর্ষ সংস্করণ.</subfield>
   <subfield code="n">প্রথম খন্ড /</subfield>
   <subfield code="c">কাজী নজরুল ইসলাম; সম্পাদনা পরিষদ রফিকুল ইসলাম [et..al],</subfield>
  </datafield>
  <datafield tag="246" ind1=" " ind2=" ">
   <subfield code="a">Nazrul Rachanabali [Work of Kazi Nazrul Islam]</subfield>
  </datafield>
  <datafield tag="260" ind1=" " ind2=" ">
   <subfield code="a">ঢাকা :</subfield>
   <subfield code="b">বাংলা একাডেমী,</subfield>
   <subfield code="c">c২০০৬ [পুনর্মুদ্রণ ২০১২, ২০২০].</subfield>
  </datafield>
  <datafield tag="300" ind1=" " ind2=" ">
   <subfield code="a">[বিশ], ৪৭৬ পৃষ্ঠা :</subfield>
   <subfield code="b">চিত্র ;</subfield>
   <subfield code="c">22 সে. মি.</subfield>
  </datafield>
  <datafield tag="362" ind1=" " ind2=" ">
   <subfield code="a">Vol. 1</subfield>
  </datafield>
  <datafield tag="500" ind1=" " ind2=" ">
   <subfield code="a">নজরুল-রচনাবলী (প্রথম সংস্করণের সম্পাদক আবদুল কাদির)</subfield>
  </datafield>
  <datafield tag="504" ind1=" " ind2=" ">
   <subfield code="6">গ্রন্থপঞ্জিগত নির্দেশিকা ও নির্ঘণ্ট অন্তর্ভুক্ত.</subfield>
  </datafield>
  <datafield tag="526" ind1=" " ind2=" ">
   <subfield code="a">OCA, GenEd,
Residential Campus</subfield>
  </datafield>
  <datafield tag="541" ind1=" " ind2=" ">
   <subfield code="a">Office of Co-Curricular Activities,
Development Book Agency</subfield>
   <subfield code="e">32887, 32947,	34778, 40575</subfield>
  </datafield>
  <datafield tag="600" ind1=" " ind2=" ">
   <subfield code="a">Nazrul Islam,</subfield>
   <subfield code="c">Kazi,</subfield>
   <subfield code="d">1899-1976.</subfield>
   <subfield code="9">25311</subfield>
  </datafield>
  <datafield tag="650" ind1=" " ind2=" ">
   <subfield code="a">Bengali poetry.</subfield>
  </datafield>
  <datafield tag="650" ind1=" " ind2=" ">
   <subfield code="a">Bengali literature.</subfield>
  </datafield>
  <datafield tag="700" ind1=" " ind2=" ">
   <subfield code="a">ইসলাম, রফিকুল.</subfield>
   <subfield code="9">25313</subfield>
  </datafield>
  <datafield tag="700" ind1=" " ind2=" ">
   <subfield code="a">মোরশেদ, আবুল কালাম মনজুর.</subfield>
   <subfield code="9">25314</subfield>
  </datafield>
  <datafield tag="700" ind1=" " ind2=" ">
   <subfield code="a">হক, আবুল কাসেম ফজলুল.</subfield>
   <subfield code="9">25315</subfield>
  </datafield>
  <datafield tag="700" ind1=" " ind2=" ">
   <subfield code="a">মাহ্ফুজউল্লাহ, মোহাম্মদ.</subfield>
   <subfield code="9">25316</subfield>
  </datafield>
  <datafield tag="700" ind1=" " ind2=" ">
   <subfield code="a">সৈয়দ, আবদুল মান্নান.</subfield>
   <subfield code="9">25317</subfield>
  </datafield>
  <datafield tag="700" ind1=" " ind2=" ">
   <subfield code="a">ইসলাম, নূরল.</subfield>
   <subfield code="9">25318</subfield>
  </datafield>
  <datafield tag="852" ind1=" " ind2=" ">
   <subfield code="a">Ayesha Abed Library</subfield>
   <subfield code="c">General Stacks</subfield>
  </datafield>
  <datafield tag="942" ind1=" " ind2=" ">
   <subfield code="2">ddc</subfield>
   <subfield code="c">BK</subfield>
  </datafield>
  <datafield tag="999" ind1=" " ind2=" ">
   <subfield code="c">39183</subfield>
   <subfield code="d">39183</subfield>
  </datafield>
  <datafield tag="952" ind1=" " ind2=" ">
   <subfield code="0">0</subfield>
   <subfield code="1">0</subfield>
   <subfield code="2">ddc</subfield>
   <subfield code="4">0</subfield>
   <subfield code="6">891_440000000000000_NAZ</subfield>
   <subfield code="7">0</subfield>
   <subfield code="9">63020</subfield>
   <subfield code="a">BRACUL</subfield>
   <subfield code="b">BRACUL</subfield>
   <subfield code="c">GEN</subfield>
   <subfield code="d">2018-04-01</subfield>
   <subfield code="e">Office of Co-Curricular Activities</subfield>
   <subfield code="g">161.25</subfield>
   <subfield code="l">4</subfield>
   <subfield code="m">7</subfield>
   <subfield code="o">891.44 NAZ</subfield>
   <subfield code="p">3010032887</subfield>
   <subfield code="r">2026-02-01</subfield>
   <subfield code="s">2025-12-22</subfield>
   <subfield code="t">1</subfield>
   <subfield code="v">161.25</subfield>
   <subfield code="w">2018-03-29</subfield>
   <subfield code="y">BK</subfield>
  </datafield>
  <datafield tag="952" ind1=" " ind2=" ">
   <subfield code="0">0</subfield>
   <subfield code="1">0</subfield>
   <subfield code="2">ddc</subfield>
   <subfield code="4">0</subfield>
   <subfield code="6">891_440000000000000_NAZ</subfield>
   <subfield code="7">0</subfield>
   <subfield code="9">63108</subfield>
   <subfield code="a">BRACUL</subfield>
   <subfield code="b">BRACUL</subfield>
   <subfield code="c">GEN</subfield>
   <subfield code="d">2018-04-11</subfield>
   <subfield code="e">Bengla Academy </subfield>
   <subfield code="g">180.00</subfield>
   <subfield code="l">3</subfield>
   <subfield code="m">19</subfield>
   <subfield code="o">891.44 NAZ</subfield>
   <subfield code="p">3010032947</subfield>
   <subfield code="r">2023-04-13</subfield>
   <subfield code="s">2022-12-28</subfield>
   <subfield code="t">2</subfield>
   <subfield code="v">240.00</subfield>
   <subfield code="w">2018-04-11</subfield>
   <subfield code="y">BK</subfield>
  </datafield>
  <datafield tag="952" ind1=" " ind2=" ">
   <subfield code="0">0</subfield>
   <subfield code="1">0</subfield>
   <subfield code="2">ddc</subfield>
   <subfield code="4">0</subfield>
   <subfield code="6">891_440000000000000_NAZ</subfield>
   <subfield code="7">0</subfield>
   <subfield code="9">65630</subfield>
   <subfield code="a">SCL</subfield>
   <subfield code="b">SCL</subfield>
   <subfield code="c">GEN</subfield>
   <subfield code="d">2019-07-17</subfield>
   <subfield code="e">Development Book Agency</subfield>
   <subfield code="g">208.33</subfield>
   <subfield code="l">1</subfield>
   <subfield code="o">891.44 NAZ</subfield>
   <subfield code="p">3020034788</subfield>
   <subfield code="r">2026-02-24</subfield>
   <subfield code="s">2026-02-17</subfield>
   <subfield code="t">3</subfield>
   <subfield code="v">208.33</subfield>
   <subfield code="w">2019-07-17</subfield>
   <subfield code="y">BK</subfield>
  </datafield>
  <datafield tag="952" ind1=" " ind2=" ">
   <subfield code="0">0</subfield>
   <subfield code="1">0</subfield>
   <subfield code="2">ddc</subfield>
   <subfield code="4">0</subfield>
   <subfield code="6">891_440000000000000_NAZ</subfield>
   <subfield code="7">0</subfield>
   <subfield code="9">72650</subfield>
   <subfield code="a">SCL</subfield>
   <subfield code="b">SCL</subfield>
   <subfield code="c">GEN</subfield>
   <subfield code="d">2023-01-05</subfield>
   <subfield code="e">Development Book Agency</subfield>
   <subfield code="g">205.00</subfield>
   <subfield code="l">0</subfield>
   <subfield code="o">891.44 NAZ</subfield>
   <subfield code="p">3020040575</subfield>
   <subfield code="r">2025-04-07</subfield>
   <subfield code="t">4</subfield>
   <subfield code="v">205.00</subfield>
   <subfield code="w">2023-01-05</subfield>
   <subfield code="y">BK</subfield>
  </datafield>
 </record>
</collection>
